[Event "GER CupT"]
[Site "Germany"]
[Date "2023.01.28"]
[Round "1.4"]
[White "Comtesse, Andreas"]
[Black "Kuever, Bastian"]
[Result "0-1"]
[WhiteElo "1778"]
[BlackElo "1913"]
[PlyCount "56"]
[EventDate "2023.01.28"]
[EventType "team-k.o."]
[EventRounds "4"]
[EventCountry "GER"]
[SourceTitle "EXT 2024"]
[Source "ChessBase"]
[SourceDate "2023.10.10"]
[SourceVersion "1"]
[SourceVersionDate "2023.10.10"]
[SourceQuality "1"]
[WhiteTeam "Emmersweiler Aljechin"]
[BlackTeam "Ludwigshafen"]
[WhiteTeamCountry "GER"]
[BlackTeamCountry "GER"]

1. d4 d5 2. Bf4 Nf6 3. Nf3 e6 4. e3 Bd6 5. Bxd6 Qxd6 6. c3 0-0 7. Bd3 Nbd7 8. Nbd2 e5 9. dxe5 Nxe5 10. Nxe5 Qxe5 11. Nf3 Qd6 12. Qc2 c5 13. 0-0-0 c4 14. Bxc4 Qc5 15. Bd3 b5 16. Nd4 b4 17. cxb4 Qxb4 18. a3 Qa5 19. Nc6 Qb6 20. Ne7+ Kh8 21. Qc6 Qb8 22. Kb1 Bd7 23. Qc5 Qb7 24. Nf5 Rab8 25. Qd4 Qb3 26. Bc2 Qxa3 27. Rd2 Rb4 28. Rhd1 Rfb8 0-1

[Event "GER-ch Net blitz qual4"]
[Site "Playchess.com INT"]
[Date "2021.05.10"]
[Round "4"]
[White "Kuever, Bastian"]
[Black "Schulz, Gerhard1111"]
[Result "0-1"]
[WhiteElo "1730"]
[BlackElo "1432"]
[PlyCount "112"]
[EventDate "2021.05.10"]
[EventType "swiss (blitz)"]
[EventRounds "11"]
[EventCountry "GER"]
[SourceTitle "CBM 202 Extra"]
[Source "ChessBase"]
[SourceDate "2021.07.31"]
[SourceVersion "1"]
[SourceVersionDate "2021.07.31"]
[SourceQuality "1"]

1. e4 e6 2. d4 d5 3. Nc3 dxe4 4. Nxe4 Bd7 5. Nf3 Bc6 6. Bd3 Nd7 7. 0-0 Ngf6 8. Nxf6+ Nxf6 9. c3 Bxf3 10. Qxf3 c6 11. Bg5 Be7 12. Rfe1 0-0 13. Qh3 h6 14. Bf4 Nd5 15. Be5 Bf6 16. Qg3 Bxe5 17. Qxe5 Qf6 18. Qg3 Qf4 19. Qxf4 Nxf4 20. Bc2 Nd5 21. a3 a5 22. Rad1 Nf6 23. c4 Rfd8 24. Rd2 Rd7 25. Red1 Rad8 26. f3 c5 27. d5 exd5 28. cxd5 Rxd5 29. Rxd5 Rxd5 30. Rxd5 Nxd5 31. Be4 Nb6 32. Bxb7 Nc4 33. b4 cxb4 34. axb4 axb4 35. Bd5 Nd2 36. Kf2 b3 37. Ke2 b2 38. Ba2 b1Q 39. Bxb1 Nxb1 40. h4 Nc3+ 41. Kd3 Nd5 42. g4 Kf8 43. Kd4 Nf6 44. g5 hxg5 45. hxg5 Nh5 46. Ke5 Ke7 47. f4 Kd7 48. f5 Ng3 49. Kf4 Ne2+ 50. Ke3 Nc3 51. Kd3 Nb5 52. Ke4 Kd6 53. Kf4 Kd5 54. Kg4 Ke4 55. g6 f6 56. Kh5 Nd6 0-1

[Event "GER-ch Net blitz qual2"]
[Site "Playchess.com INT"]
[Date "2021.05.04"]
[Round "11"]
[White "Kuever, Bastian"]
[Black "Fabregas, Oliver"]
[Result "0-1"]
[WhiteElo "1655"]
[BlackElo "1907"]
[PlyCount "91"]
[EventDate "2021.05.04"]
[EventType "swiss (blitz)"]
[EventRounds "11"]
[EventCountry "GER"]
[SourceTitle "CBM 202 Extra"]
[Source "ChessBase"]
[SourceDate "2021.07.31"]
[SourceVersion "1"]
[SourceVersionDate "2021.07.31"]
[SourceQuality "1"]

1. Nf3 e6 2. g3 g5 3. Bg2 Bg7 4. 0-0 f5 5. d4 g4 6. Bg5 Bf6 7. Bxf6 Nxf6 8. Nh4 0-0 9. c4 Qe7 10. Nc3 a6 11. Qb3 c6 12. Rfe1 d5 13. cxd5 cxd5 14. Rac1 Nc6 15. f3 Nxd4 16. Qa4 Nc6 17. a3 Bd7 18. Qf4 Qg7 19. b4 Rac8 20. Na4 e5 21. Qd2 gxf3 22. exf3 Nd4 23. Rxc8 Bxc8 24. Rxe5 Nc6 25. Nxf5 Qg6 26. Ne7+ Nxe7 27. Rxe7 Qb1+ 28. Bf1 Qg6 29. Bd3 Bf5 30. Bxf5 Qxf5 31. Rxb7 Kh8 32. Kg2 Ne4 33. Qd4+ Nf6 34. Nc5 Re8 35. Qd3 Qe5 36. Qd2 Qe2+ 37. Qxe2 Rxe2+ 38. Kh3 d4 39. Rb6 Nd5 40. Rd6 Ne3 41. Rxd4 Kg7 42. Rd7+ Kg6 43. Rd6+ Kg7 44. Rxa6 Nf1 45. Ne4 h5 46. b5 0-1

[Event "GER-ch Net blitz qual2"]
[Site "Playchess.com INT"]
[Date "2021.05.04"]
[Round "7"]
[White "Moewisch, Dave"]
[Black "Kuever, Bastian"]
[Result "0-1"]
[WhiteElo "1833"]
[BlackElo "1655"]
[PlyCount "70"]
[EventDate "2021.05.04"]
[EventType "swiss (blitz)"]
[EventRounds "11"]
[EventCountry "GER"]
[SourceTitle "CBM 202 Extra"]
[Source "ChessBase"]
[SourceDate "2021.07.31"]
[SourceVersion "1"]
[SourceVersionDate "2021.07.31"]
[SourceQuality "1"]

1. e4 c6 2. d4 d5 3. e5 c5 4. dxc5 Nc6 5. Nf3 Bg4 6. Bb5 e6 7. Bxc6+ bxc6 8. b4 a5 9. c3 Ne7 10. 0-0 Qc7 11. Re1 Ng6 12. h3 Bxf3 13. Qxf3 Nxe5 14. Qg3 f6 15. Bf4 Qf7 16. Bxe5 fxe5 17. Rxe5 Be7 18. Qg4 0-0 19. Qxe6 axb4 20. cxb4 Bf6 21. Qxf7+ Rxf7 22. Re6 Bxa1 23. a3 Bb2 24. Rxc6 Bxa3 25. b5 d4 26. b6 d3 27. Nxa3 Rxa3 28. Rc8+ Rf8 29. b7 Rb3 30. c6 d2 31. Rxf8+ Kxf8 32. c7 d1Q+ 33. Kh2 Qd6+ 34. g3 Qxc7 35. b8Q+ Qxb8 0-1

[Event "GER-ch Net blitz qual2"]
[Site "Playchess.com INT"]
[Date "2021.05.04"]
[Round "3"]
[White "Platz, Daniel"]
[Black "Kuever, Bastian"]
[Result "1-0"]
[WhiteElo "1859"]
[BlackElo "1655"]
[PlyCount "97"]
[EventDate "2021.05.04"]
[EventType "swiss (blitz)"]
[EventRounds "11"]
[EventCountry "GER"]
[SourceTitle "CBM 202 Extra"]
[Source "ChessBase"]
[SourceDate "2021.07.31"]
[SourceVersion "1"]
[SourceVersionDate "2021.07.31"]
[SourceQuality "1"]

1. e4 c6 2. d4 d5 3. e5 c5 4. dxc5 Nc6 5. Nf3 Bg4 6. h3 Bxf3 7. Qxf3 Nxe5 8. Bb5+ Nc6 9. 0-0 e6 10. b4 Nf6 11. a3 Be7 12. c4 a6 13. Ba4 0-0 14. cxd5 Nxd5 15. Bb2 Bf6 16. Nc3 Nxc3 17. Bxc3 Bxc3 18. Qxc3 Ne7 19. Rfd1 Nd5 20. Qf3 Qf6 21. Qg3 Nc3 22. Bc2 Nxd1 23. Rxd1 Rad8 24. Re1 Rd2 25. Be4 Qe7 26. Qf4 Rfd8 27. Re3 e5 28. Qg4 Rf8 29. f4 f5 30. Bxf5 Qd8 31. Rxe5 Rd1+ 32. Kh2 Qd4 33. Be6+ Kh8 34. Rd5 Qg1+ 35. Kg3 Qe1+ 36. Kh2 Rxd5 37. Bxd5 Qe3 38. Qg3 Qxf4 39. Qxf4 Rxf4 40. Bxb7 Rf6 41. c6 Rf7 42. Bxa6 Kg8 43. b5 Kf8 44. b6 Re7 45. c7 Re8 46. c8Q Ke7 47. Qxe8+ Kxe8 48. b7 Kd8 49. b8Q+ 1-0

[Event "GER Cup Net Final-C U1600"]
[Site "Playchess.com INT"]
[Date "2020.06.06"]
[Round "6"]
[White "Burkart, Lloyd Shang"]
[Black "Kuever, Bastian"]
[Result "1-0"]
[WhiteElo "1926"]
[BlackElo "1564"]
[PlyCount "105"]
[EventDate "2020.06.06"]
[EventType "swiss (blitz)"]
[EventRounds "13"]
[EventCountry "GER"]
[SourceTitle "CBM 197 Extra"]
[Source "ChessBase"]
[SourceDate "2020.09.30"]
[SourceVersion "1"]
[SourceVersionDate "2020.09.30"]
[SourceQuality "1"]

1. d4 Nf6 2. c4 g6 3. Nf3 Bg7 4. Nc3 0-0 5. Bf4 d6 6. e3 c5 7. d5 e6 8. dxe6 Bxe6 9. Qxd6 Nh5 10. Qxd8 Rxd8 11. Bg5 Rd7 12. Be2 h6 13. Bh4 g5 14. Nd2 gxh4 15. Bxh5 Nc6 16. Ke2 Ne5 17. Nce4 Nxc4 18. Nxc4 Bxc4+ 19. Kf3 b6 20. Bg4 Re7 21. Rhd1 Bxb2 22. Rab1 Bg7 23. a3 Be6 24. Bxe6 Rxe6 25. Rd7 Rc6 26. Nd6 f5 27. Nxf5 Rf6 28. Rxg7+ Kh8 29. Kg4 Rxf5 30. Kxf5 Kxg7 31. Kg4 Rd8 32. Kxh4 Rd2 33. Kg3 Kg6 34. Ra1 b5 35. a4 b4 36. Rc1 Rd5 37. Kf3 Kf5 38. e4+ Ke5 39. exd5 Kxd5 40. Ke3 c4 41. f4 c3 42. Kd3 Kc5 43. g4 a5 44. g5 hxg5 45. fxg5 b3 46. Rxc3+ Kb4 47. Rc1 b2 48. Rb1 Kb3 49. g6 Ka2 50. Kc2 Ka3 51. g7 Kxa4 52. g8Q Ka3 53. Qb3# 1-0

[Event "GER Cup Net Final-C U1600"]
[Site "Playchess.com INT"]
[Date "2020.06.06"]
[Round "10"]
[White "Hampel, Thomas"]
[Black "Kuever, Bastian"]
[Result "0-1"]
[WhiteElo "1558"]
[BlackElo "1564"]
[PlyCount "66"]
[EventDate "2020.06.06"]
[EventType "swiss (blitz)"]
[EventRounds "13"]
[EventCountry "GER"]
[SourceTitle "CBM 197 Extra"]
[Source "ChessBase"]
[SourceDate "2020.09.30"]
[SourceVersion "1"]
[SourceVersionDate "2020.09.30"]
[SourceQuality "1"]

1. d4 Nf6 2. Bf4 g6 3. e3 Bg7 4. Be2 0-0 5. Nf3 d6 6. h3 Nh5 7. Bh2 Nc6 8. c3 e5 9. 0-0 e4 10. Nfd2 f5 11. Bxh5 gxh5 12. Qxh5 Qf6 13. Bf4 Ne7 14. Qg5 Nd5 15. Qxf6 Rxf6 16. Bh2 Rg6 17. a3 f4 18. c4 fxe3 19. cxd5 exd2 20. Nxd2 Bxh3 21. Bg3 Bf5 22. Rae1 Re8 23. Nb3 Bd7 24. Rd1 Bg4 25. Rd2 Bh6 26. Rc2 Bd7 27. Rxc7 Bb5 28. Re1 e3 29. Rxb7 a6 30. Rc7 e2 31. Rc2 Ba4 32. Rc3 Bxb3 33. Rxb3 Bd2 0-1

[Event "GER Cup Net Final-C U1600"]
[Site "Playchess.com INT"]
[Date "2020.06.06"]
[Round "11"]
[White "Kuever, Bastian"]
[Black "Meier, Franz1111"]
[Result "1-0"]
[WhiteElo "1564"]
[BlackElo "1421"]
[PlyCount "53"]
[EventDate "2020.06.06"]
[EventType "swiss (blitz)"]
[EventRounds "13"]
[EventCountry "GER"]
[SourceTitle "CBM 197 Extra"]
[Source "ChessBase"]
[SourceDate "2020.09.30"]
[SourceVersion "1"]
[SourceVersionDate "2020.09.30"]
[SourceQuality "1"]

1. e4 e6 2. d4 d5 3. Nd2 c5 4. c3 Nc6 5. exd5 exd5 6. Ngf3 Qb6 7. dxc5 Bxc5 8. Qe2+ Nge7 9. Nb3 0-0 10. Nxc5 Qxc5 11. Qe3 Qd6 12. Bb5 Bd7 13. 0-0 Rfe8 14. Qd3 Bf5 15. Qd2 Be4 16. Nd4 Qg6 17. f3 Nxd4 18. Qxd4 Nc6 19. Bxc6 bxc6 20. fxe4 Rxe4 21. Qf2 f6 22. Be3 Rae8 23. Rae1 f5 24. Bd4 Rxe1 25. Rxe1 Rf8 26. Re7 Qg5 27. Rxg7+ 1-0

[Event "GER Cup Net Final-C U1600"]
[Site "Playchess.com INT"]
[Date "2020.06.06"]
[Round "7"]
[White "Kuever, Bastian"]
[Black "Muehlbauer, Adrian"]
[Result "1-0"]
[WhiteElo "1564"]
[BlackElo "1638"]
[PlyCount "141"]
[EventDate "2020.06.06"]
[EventType "swiss (blitz)"]
[EventRounds "13"]
[EventCountry "GER"]
[SourceTitle "CBM 197 Extra"]
[Source "ChessBase"]
[SourceDate "2020.09.30"]
[SourceVersion "1"]
[SourceVersionDate "2020.09.30"]
[SourceQuality "1"]

1. e4 e5 2. f4 d6 3. Nf3 Nc6 4. Bb5 Bg4 5. Bxc6+ bxc6 6. fxe5 dxe5 7. 0-0 Bc5+ 8. Kh1 Nf6 9. Nc3 0-0 10. h3 Bh5 11. d3 Qe7 12. Bg5 Qe6 13. Qc1 h6 14. Be3 Bxe3 15. Qxe3 Rab8 16. Rab1 Rbd8 17. a3 Rd6 18. Qxa7 Qe7 19. Nh4 Rd7 20. Nf5 Qe6 21. Qc5 Bg6 22. Ne2 Rb8 23. b4 Bxf5 24. Rxf5 Rb5 25. Qc3 Qa2 26. Qb2 Qe6 27. a4 Rb8 28. Qxe5 Qa2 29. Qb2 Qxa4 30. Rc5 Qa6 31. Ra5 Qb6 32. Re5 Qa6 33. Nd4 Qb6 34. Rc5 Rd6 35. Nf5 Re6 36. Nd4 Rd6 37. c4 Nh5 38. Qc3 Nf6 39. e5 Rxd4 40. Qxd4 Ne8 41. Qc3 f6 42. exf6 Nxf6 43. Ra5 Nh5 44. Rba1 Kh7 45. Ra6 Qxb4 46. Qxb4 Rxb4 47. Ra7 Nf6 48. Rxc7 Nh5 49. Rxc6 Nf6 50. Rd6 Rb3 51. Rd1 Rc3 52. Rc6 Rc2 53. c5 Rf2 54. d4 Nd5 55. Rd6 Nc3 56. Rc1 Ne4 57. Rd8 Ng5 58. c6 Ne6 59. Rd6 Nc7 60. Rd7 Na6 61. c7 Nxc7 62. Rdxc7 Rd2 63. Rd7 Rd3 64. d5 Rd2 65. d6 Rd4 66. Rcc7 Rd3 67. Rxg7+ Kh8 68. Rge7 Rd2 69. d7 Rxd7 70. Rcxd7 Kg8 71. Rd8# 1-0

[Event "GER Cup Net Final-C U1600"]
[Site "Playchess.com INT"]
[Date "2020.06.06"]
[Round "9"]
[White "Siemianowski, Regina"]
[Black "Kuever, Bastian"]
[Result "1-0"]
[WhiteElo "1483"]
[BlackElo "1564"]
[PlyCount "91"]
[EventDate "2020.06.06"]
[EventType "swiss (blitz)"]
[EventRounds "13"]
[EventCountry "GER"]
[SourceTitle "CBM 197 Extra"]
[Source "ChessBase"]
[SourceDate "2020.09.30"]
[SourceVersion "1"]
[SourceVersionDate "2020.09.30"]
[SourceQuality "1"]

1. e4 e6 2. f4 d5 3. exd5 exd5 4. Nf3 Bd6 5. d4 Ne7 6. Be2 0-0 7. 0-0 Nbc6 8. c3 Bg4 9. Ne5 Nxe5 10. fxe5 Bxe2 11. Qxe2 Bxe5 12. Qxe5 Ng6 13. Qg3 Re8 14. Bg5 Qd7 15. Nd2 Re2 16. Rad1 Rae8 17. Qf3 h6 18. Bf6 gxf6 19. Qxf6 Qe6 20. Qf3 c6 21. Nb3 Rxb2 22. Nc5 Qe7 23. Rde1 Qf8 24. Rxe8 Qxe8 25. a4 Re2 26. h3 Re3 27. Qh5 b6 28. Nb7 Kh7 29. Nd6 Qe6 30. Nxf7 Kg8 31. Nxh6+ Kg7 32. Nf5+ Kg8 33. Nxe3 Qxe3+ 34. Kh1 Kg7 35. Qg4 Qxc3 36. Qd7+ Kh6 37. Qxa7 Qxd4 38. Qf7 c5 39. Rf6 Kg5 40. Qxg6+ Kh4 41. g3+ Kxh3 42. Qh6+ Kxg3 43. Rg6+ Kf3 44. Qh3+ Ke2 45. Rg2+ Kf1 46. Qf3+ 1-0

[Event "GER Cup Net V4 U1600"]
[Site "Playchess.com INT"]
[Date "2020.05.31"]
[Round "8"]
[White "Meier, Franz1111"]
[Black "Kuever, Bastian"]
[Result "1-0"]
[WhiteElo "1439"]
[BlackElo "1576"]
[PlyCount "91"]
[EventDate "2020.05.31"]
[EventType "swiss (blitz)"]
[EventRounds "9"]
[EventCountry "GER"]
[SourceTitle "EXT 2021"]
[Source "ChessBase"]
[SourceDate "2020.10.23"]
[SourceVersion "1"]
[SourceVersionDate "2020.10.23"]
[SourceQuality "1"]

1. c4 Nf6 2. Nc3 g6 3. g3 Bg7 4. Bg2 0-0 5. e3 d6 6. Nge2 e5 7. 0-0 Nc6 8. d4 exd4 9. exd4 Re8 10. d5 Ne5 11. Bg5 h6 12. Bxf6 Qxf6 13. b3 Bg4 14. Ne4 Qf5 15. f3 Bh3 16. g4 Bxg2 17. gxf5 Bxf1 18. Qxf1 Nxf3+ 19. Kf2 Rxe4 20. Kxf3 Rae8 21. Re1 Re3+ 22. Kg2 R8e4 23. Kf2 Rxe2+ 24. Rxe2 Rf4+ 25. Ke1 Rxf1+ 26. Kxf1 gxf5 27. Re8+ Kh7 28. Re7 Be5 29. Rxf7+ Kg6 30. Rxc7 Bxh2 31. Rxb7 a5 32. Ra7 f4 33. Rxa5 f3 34. Ra6 Kf5 35. b4 Ke4 36. b5 h5 37. b6 h4 38. b7 Ke3 39. b8Q f2 40. Qe8+ Kf3 41. Qf7+ Ke3 42. Qe6+ Kf3 43. Rxd6 Bxd6 44. Qxd6 h3 45. Qh2 Kg4 46. Kxf2 1-0

[Event "GER Cup Net V3 U1600"]
[Site "Playchess.com INT"]
[Date "2020.05.27"]
[Round "7"]
[White "Kuever, Bastian"]
[Black "Weidenhoefer, Ben"]
[Result "0-1"]
[WhiteElo "1601"]
[BlackElo "1332"]
[PlyCount "86"]
[EventDate "2020.05.27"]
[EventType "swiss (blitz)"]
[EventRounds "9"]
[EventCountry "GER"]
[SourceTitle "EXT 2021"]
[Source "ChessBase"]
[SourceDate "2020.10.23"]
[SourceVersion "1"]
[SourceVersionDate "2020.10.23"]
[SourceQuality "1"]

1. e4 c6 2. d4 d5 3. e5 Bf5 4. f4 e6 5. Nf3 c5 6. c3 Ne7 7. Nh4 Bg6 8. Bd3 Bxd3 9. Qxd3 Nec6 10. f5 Qxh4+ 11. g3 Qe4+ 12. Qxe4 dxe4 13. fxe6 fxe6 14. Nd2 cxd4 15. Nxe4 dxc3 16. bxc3 Be7 17. 0-0 Nd7 18. Nd6+ Bxd6 19. exd6 0-0-0 20. Be3 Rhf8 21. c4 Rxf1+ 22. Rxf1 Rf8 23. Re1 Nce5 24. Kg2 Nxc4 25. Bxa7 Nce5 26. Rc1+ Nc6 27. Bb6 Rf5 28. Bc7 Rd5 29. Re1 e5 30. Rf1 b6 31. Rf7 Rd2+ 32. Kh3 e4 33. Rxg7 e3 34. Rxh7 e2 35. Re7 Nce5 36. Re8+ Kb7 37. Rxe5 Nxe5 38. Bd8 e1Q 39. Be7 Qf1+ 40. Kh4 Rd4+ 41. g4 Rxg4+ 42. Kh5 Qh3+ 43. Bh4 Qxh4# 0-1

[Event "GER Cup Net V3 U1600"]
[Site "Playchess.com INT"]
[Date "2020.05.27"]
[Round "1"]
[White "Siemianowski, Regina"]
[Black "Kuever, Bastian"]
[Result "1-0"]
[WhiteElo "1397"]
[BlackElo "1606"]
[PlyCount "105"]
[EventDate "2020.05.27"]
[EventType "swiss (blitz)"]
[EventRounds "9"]
[EventCountry "GER"]
[SourceTitle "EXT 2021"]
[Source "ChessBase"]
[SourceDate "2020.10.23"]
[SourceVersion "1"]
[SourceVersionDate "2020.10.23"]
[SourceQuality "1"]

1. e4 e6 2. d4 d5 3. e5 c5 4. c3 Nc6 5. Nf3 Nge7 6. Be2 Ng6 7. 0-0 a6 8. Nbd2 Be7 9. Nb3 cxd4 10. cxd4 b5 11. Be3 Qb6 12. Rc1 Bb7 13. h3 Rc8 14. Rc2 0-0 15. Qd2 a5 16. Rfc1 a4 17. Nc5 Bxc5 18. dxc5 Qc7 19. Nd4 Ngxe5 20. Bf4 f6 21. Bh2 Nxd4 22. Rc3 Nxe2+ 23. Qxe2 Bc6 24. b4 axb3 25. axb3 Ra8 26. f4 Ng6 27. f5 exf5 28. Bxc7 Nf4 29. Qe3 d4 30. Qxf4 dxc3 31. Rxc3 Be4 32. Bd6 Rfe8 33. c6 Ra2 34. Rg3 Rea8 35. c7 Ra1+ 36. Kh2 Rc8 37. b4 Rd1 38. Re3 Rd2 39. Rxe4 fxe4 40. Qxd2 Kf7 41. Qd5+ Ke8 42. Qxe4+ Kd7 43. Qd5 Ke8 44. Qxb5+ Kf7 45. Qd5+ Kg6 46. Qc6 Kf7 47. Qd7+ Kg6 48. Qxc8 h5 49. Qb7 h4 50. c8Q Kg5 51. Qc5+ f5 52. Qxg7+ Kh5 53. Qxf5# 1-0

[Event "GER Cup Net V1 U1600"]
[Site "Playchess.com INT"]
[Date "2020.05.19"]
[Round "9"]
[White "Burkart, Lloyd Shang"]
[Black "Kuever, Bastian"]
[Result "1-0"]
[WhiteElo "1783"]
[BlackElo "1655"]
[PlyCount "51"]
[EventDate "2020.05.19"]
[EventType "swiss (blitz)"]
[EventRounds "9"]
[EventCountry "GER"]
[SourceTitle "EXT 2021"]
[Source "ChessBase"]
[SourceDate "2020.10.23"]
[SourceVersion "1"]
[SourceVersionDate "2020.10.23"]
[SourceQuality "1"]

1. d4 d5 2. c4 c6 3. Nf3 Nf6 4. Qc2 e6 5. Nbd2 Nbd7 6. g3 Bd6 7. Bg2 0-0 8. 0-0 h6 9. e4 dxe4 10. Nxe4 Nxe4 11. Qxe4 Nf6 12. Qe2 Re8 13. Re1 c5 14. Be3 cxd4 15. Nxd4 Bc5 16. Rad1 Qb6 17. a3 Bd7 18. b4 Bxd4 19. Bxd4 Qc7 20. Bxf6 gxf6 21. Qd2 Rad8 22. Qxh6 Qe5 23. Rxe5 fxe5 24. Bxb7 Ba4 25. Rxd8 Rxd8 26. Qg5+ 1-0

[Event "GER Cup Net V1 U1600"]
[Site "Playchess.com INT"]
[Date "2020.05.19"]
[Round "5"]
[White "Kuever, Bastian"]
[Black "Siemianowski, Regina"]
[Result "1-0"]
[WhiteElo "1629"]
[BlackElo "1369"]
[PlyCount "121"]
[EventDate "2020.05.19"]
[EventType "swiss (blitz)"]
[EventRounds "9"]
[EventCountry "GER"]
[SourceTitle "EXT 2021"]
[Source "ChessBase"]
[SourceDate "2020.10.23"]
[SourceVersion "1"]
[SourceVersionDate "2020.10.23"]
[SourceQuality "1"]

1. e4 e5 2. f4 d5 3. exd5 exf4 4. Nf3 Nf6 5. d4 Bd6 6. Bc4 0-0 7. 0-0 Bg4 8. Qd3 g6 9. Ne5 Bf5 10. Qb3 b6 11. Bxf4 Nbd7 12. Nc6 Qc8 13. Nc3 Bxf4 14. Ne2 Bd6 15. Ng3 Ng4 16. Nxf5 gxf5 17. h3 Ne3 18. Qxe3 f4 19. Qxf4 Bxf4 20. Ne7+ Kh8 21. Nxc8 Be3+ 22. Kh1 Raxc8 23. c3 c5 24. dxc5 Rxc5 25. Bb3 f6 26. Rf3 Bh6 27. Re1 Ne5 28. Rf5 Bg7 29. Re2 Nd3 30. Rd2 Ne5 31. Re2 a5 32. a4 b5 33. axb5 Rxb5 34. Ba2 Nd3 35. b3 a4 36. c4 Rbb8 37. bxa4 Rb2 38. Rxb2 Nxb2 39. a5 Ra8 40. d6 Bf8 41. d7 Be7 42. Rd5 Kg7 43. Rb5 Na4 44. Rb7 Rd8 45. a6 Nc5 46. Rc7 Nxd7 47. a7 Nb6 48. c5 Na8 49. Rxe7+ Kg6 50. c6 Rd1+ 51. Kh2 Rc1 52. Bd5 Rc2 53. Bf3 Rc3 54. c7 Nxc7 55. Rxc7 Rxc7 56. a8Q Rg7 57. Qe4+ Kf7 58. Bh5+ Kg8 59. Qe6+ Kf8 60. Qxf6+ Rf7 61. Qxf7# 1-0

[Event "GER-ch Net Amateur Gr-C Final"]
[Site "Playchess.com INT"]
[Date "2020.04.18"]
[Round "12"]
[White "Kuever, Bastian"]
[Black "Bock, Leonas"]
[Result "0-1"]
[WhiteElo "1658"]
[BlackElo "1361"]
[PlyCount "74"]
[EventDate "2020.04.18"]
[EventType "swiss (blitz)"]
[EventRounds "13"]
[EventCountry "GER"]
[SourceTitle "CBM 195 Extra"]
[Source "ChessBase"]
[SourceDate "2020.05.31"]
[SourceVersion "1"]
[SourceVersionDate "2020.05.31"]
[SourceQuality "1"]

1. e4 d6 2. d4 Nf6 3. Nc3 e5 4. dxe5 dxe5 5. Qxd8+ Kxd8 6. Bg5 Be6 7. Nf3 Nbd7 8. 0-0-0 Bd6 9. Nb5 Ke7 10. Bxf6+ Nxf6 11. Nxd6 cxd6 12. Ng5 h6 13. Nxe6 Kxe6 14. Bc4+ Ke7 15. f3 Rac8 16. Bb3 Rc6 17. Rd2 Rhc8 18. Rhd1 Nd7 19. Ba4 Ra6 20. Bxd7 Kxd7 21. a3 Rac6 22. Kb1 Ke6 23. h4 g6 24. g4 h5 25. gxh5 gxh5 26. Rg1 b5 27. Rg5 Rh8 28. Rf2 Rcc8 29. f4 Rcg8 30. f5+ Kf6 31. Rxg8 Rxg8 32. Rd2 Ke7 33. Rd5 a6 34. Rd3 Rg4 35. Re3 Rxh4 36. Ka2 Rh2 37. Kb3 a5 0-1

[Event "GER-ch Net Amateur Gr-C Final"]
[Site "Playchess.com INT"]
[Date "2020.04.18"]
[Round "9"]
[White "Pflugbeil, Julian"]
[Black "Kuever, Bastian"]
[Result "0-1"]
[WhiteElo "1420"]
[BlackElo "1658"]
[PlyCount "120"]
[EventDate "2020.04.18"]
[EventType "swiss (blitz)"]
[EventRounds "13"]
[EventCountry "GER"]
[SourceTitle "CBM 195 Extra"]
[Source "ChessBase"]
[SourceDate "2020.05.31"]
[SourceVersion "1"]
[SourceVersionDate "2020.05.31"]
[SourceQuality "1"]

1. d4 Nf6 2. c4 e6 3. Nc3 Bb4 4. a4 c5 5. dxc5 Bxc3+ 6. bxc3 Nc6 7. Bg5 h6 8. Bxf6 Qxf6 9. Qd2 0-0 10. e3 Qe5 11. Nf3 Qxc5 12. Bd3 Na5 13. Rb1 Nxc4 14. Bxc4 Qxc4 15. Qd4 Qxd4 16. Nxd4 b6 17. Nb5 Bb7 18. 0-0 Rfc8 19. Nd6 Rc7 20. f4 Ba6 21. Rfc1 Rc6 22. Nb5 Bxb5 23. axb5 Rc5 24. c4 Rac8 25. Rb4 d5 26. Ra4 Rxc4 27. Rcxc4 Rxc4 28. Rxa7 Rb4 29. Ra8+ Kh7 30. Rf8 Kg6 31. g4 Rxb5 32. h4 Kf6 33. g5+ hxg5 34. hxg5+ Kg6 35. Kf2 Rb2+ 36. Kf3 b5 37. e4 dxe4+ 38. Kxe4 b4 39. Rb8 b3 40. Ke5 Rb1 41. Ke4 b2 42. Kd3 Rd1+ 43. Kc2 b1Q+ 44. Rxb1 Rxb1 45. Kxb1 Kf5 46. Kc2 Kxf4 47. Kd2 Kxg5 48. Ke2 Kf4 49. Kf2 g5 50. Kf1 Kf3 51. Kg1 f5 52. Kh2 g4 53. Kg1 g3 54. Kf1 e5 55. Kg1 e4 56. Kf1 e3 57. Kg1 g2 58. Kh2 Kf2 59. Kh3 g1Q 60. Kh4 Qg4# 0-1